Come As You Are Lyrics - Statistics

General Stats
  • This quiz has been taken 19 times
  • The average score is 31 of 41
Answer Stats
Lyrics % Correct
As you {are}
100%
{Come}
100%
{Come}
100%
As a {friend}
94%
As a {friend}
94%
As a {friend}
94%
As a {friend}
94%
As you {were}
94%
And I swear that I don't have a {gun}
88%
And I swear that I don't have a {gun}
88%
As I {want} {you} to be
88%
As I {want} {you} to be
88%
{Hurry} up
88%
Memoria (don`t have a {gun})
88%
No I don't have a {gun}
88%
No I don't have a {gun}
88%
No I don't have a {gun}
88%
No I don't have a {gun}
88%
No I don't have a {gun}
88%
No I don't have a {gun}
88%
{Take} your time
88%
As an old {enemy}
81%
Don`t be {late}
81%
The {choice} is yours
69%
Dowsed in {mud}
56%
{Memoria}
56%
{Memoria}
56%
{Memoria}
56%
{Memoria}
56%
{Memoria}
56%
{Memoria}
56%
{Memoria}
56%
{Memoria}
56%
{Memoria}
56%
{Memoria}
56%
{Memoria}
56%
Take a {rest}
56%
As an {old} {memoria}
50%
As an {old} {memoria}
50%
As a {trend}
44%
{Soaked} in bleach
38%
No matching quizzes found
Score Distribution
Percent of People with Each Score
Percentile by Number Answered
Your Score History
You have not taken this quiz